02058cam a22005174i 4500003000900000005001700009008004100026020001500067035002700082040003300109049000900142082001900151245009600170264007300266300003800339336002100377337002500398338002300423505017300446526001000619526001000629526000900639526000900648526000900657526000900666526000900675526000900684526000900693526000800702526000800710526000800718526000800726526000800734650003600742700002300778700003500801700003800836910001800874942001400892949019700906994001401103596000601117999022201123980005501345952014001400PE-LiUPU20250731165619.0150616s r 000 0 d a0802881092 a(Sirsi) i9780802881090 aPE-LiUPUbspacPE-LiUPUerda aPRUA04a281.4bS3122100aNicene and Post-Nicene Fathers of the Christian Church.n11:1 /cEditado por Philip Schaff. 1aGrand Rapids, Michigan :bWM. B. Eerdmans Publishing Company,c1979. a572 páginas ;c25 centímetros atext2rdacontent aunmediated2rdamedia avolume2rdacarrier0 aContents of the homilies on Acts -- Homilies on the Acts -- Preface to homilies on romans -- Contents of homilies on romans -- Homilies on romans -- Index on subjects. aSEG44 aSEG26 aP151 aP150 aP149 aP146 aP145 aP126 aP125 aP92 aP75 aP74 aP27 aP1504aLiteratura cristiana primitiva.1 aAgustín,cSanto.1 aJuan Crisóstomo,cSan,d407.1 aSchaff, Felipe1819-1893,eeditor. ajckbjvqcjck 2ddccBOOK aRC 281.4 S31 11:1wDEWEYc1i20461lCCODEBUL1mBULr0sYtBOOKu2015-6-16xTEOLOGIAzUNKNOWN0COMPRAo.CIRCNOTE. No olvidar cambiar la fecha de devolución!!!!!!!o.STAFF. Colección General aC0bPEPRU a1 aRC 281.4 S31 11:1wDEWEYc57154i20461f2021-11-8g6lCCODEBUL1mBULr1sYtBOOKu2015-6-16xTEOLOGIAzUNKNOWN0COMPRAo.CIRCNOTE. No olvidar cambiar la fecha de devolución!!!!!!!o.STAFF. Colección Generald57154 81gALBERTO SANCHEZ Responsable de Automatización r2025-12-02 00:00:00i7l0oRC 281.4 S31 11:1p20461te1w2015-06-16xFTyREF102ddc50718REFfP35aBULbBULcREFd2015-06-16eCOMPRA